Catálogo público

Introducción a la ingeniería y al diseño en la ingeniería / (Record no. 175865)

MARC details
000 -CABECERA
campo de control de longitud fija 00944nam a2200301Ia 4500
001 - NÚMERO DE CONTROL
campo de control dia_5042
003 - IDENTIFICADOR DEL NÚMERO DE CONTROL
campo de control CHAP
005 - FECHA Y HORA DE LA ÚLTIMA TRANSACCIÓN
campo de control 20251021152434.0
008 - DATOS DE LONGITUD FIJA--INFORMACIÓN GENERAL
campo de control de longitud fija 220117s1973 xx 000 0 und d
010 ## - NÚMERO DE CONTROL DE LA BIBLIOTECA DEL CONGRESO
Número de control de LC 175865
020 ## - NÚMERO INTERNACIONAL ESTÁNDAR DEL LIBRO
Número Internacional Estándar del Libro 968-18-0176-8
040 ## - FUENTE DE LA CATALOGACIÓN
Centro/agencia transcriptor CHAP
082 ## - NÚMERO DE LA CLASIFICACIÓN DECIMAL DEWEY
Número de clasificación 620.04 K75 1973
100 ## - ENTRADA PRINCIPAL--NOMBRE DE PERSONA
Nombre de persona Krick, Edward V.
9 (RLIN) 63921
245 ## - MENCIÓN DE TÍTULO
Título Introducción a la ingeniería y al diseño en la ingeniería /
Mención de responsabilidad, etc. Edward V. Krick ; traducción Francisco Paniagua B.
260 ## - PUBLICACIÓN, DISTRIBUCIÓN, ETC.
Lugar de publicación, distribución, etc. México :
Nombre del editor, distribuidor, etc. Limusa,
Fecha de publicación, distribución, etc. 1973
300 ## - DESCRIPCIÓN FÍSICA
Extensión 240 p.
500 ## - NOTA GENERAL
Nota general Título original: An introduction to engineering & engineering design
503 ## - NOTA DE HISTORIA BIBLIOGRÁFICA (BK CF MU) [OBSOLETO]
Nota de historia bibliográfica C/e
504 ## - NOTA DE BIBLIOGRAFÍA, ETC.
Nota de bibliografía, etc. Bibliografía: p. 223-227
650 ## - PUNTO DE ACCESO ADICIONAL DE MATERIA--TÉRMINO DE MATERIA
Término de materia o nombre geográfico como elemento de entrada Diseño
9 (RLIN) 32727
650 ## - PUNTO DE ACCESO ADICIONAL DE MATERIA--TÉRMINO DE MATERIA
Término de materia o nombre geográfico como elemento de entrada Ingeniería
9 (RLIN) 58173
700 ## - PUNTO DE ACCESO ADICIONAL--NOMBRE DE PERSONA
Nombre de persona Paniagua B., Francisco, tr.
9 (RLIN) 146970
901 ## - ELEMENTOS DE DATOS A LOCAL LDA (RLIN)
a 620.04 K75 1973
902 ## - ELEMENTOS DE DATOS B LOCAL, LDB (RLIN)
a M
905 ## - ELEMENTOS DE DATOS E LOCAL, LDE (RLIN)
a 5232271973 mx am 8212223322spa16
942 ## - ELEMENTOS DE PUNTO DE ACCESO ADICIONAL (KOHA)
Tipo de ítem Koha Libro
Fuente del sistema de clasificación o colocación Dewey Decimal Classification
Holdings
Estado de retiro Estado de pérdida Fuente del sistema de clasificación o colocación Estado dañado No para préstamo Código de colección Localización permanente Ubicación/localización actual Ubicación en estantería Fecha de adquisición Información codificada de la localización en otra ubicación Total de préstamos Código de barras Fecha visto por última vez Fecha del último préstamo Número de copia Precio válido a partir de Tipo de ítem Koha Restricciones de uso Fuente de adquisición Coste, precio normal de compra Número de inventario Signatura topográfica completa
    Dewey Decimal Classification     General Ingenieria Agroindustrial Ingenieria Agroindustrial   18/01/2022 1 1 dia_010143 01/04/2024 01/04/2024 11 18/01/2022 Libro          
    Dewey Decimal Classification     General Ingenieria Agroindustrial Ingenieria Agroindustrial   18/01/2022 1   dia_006009 18/01/2022   10 18/01/2022 Libro          
    Dewey Decimal Classification     General Ingenieria Agroindustrial Ingenieria Agroindustrial   18/01/2022 1   dia_003918 18/01/2022   1 18/01/2022 Libro          
    Dewey Decimal Classification     General Ingenieria Agroindustrial Ingenieria Agroindustrial   20/09/1994     dia_003904 18/01/2022   2   Libro Préstamo 5 días Compra Librería Patena F. 770 / R. (20/09/1994) 92.00 C/e 620.04 K75 1973
    Dewey Decimal Classification     General Ingenieria Agroindustrial Ingenieria Agroindustrial   20/07/1995     dia_003905 18/01/2022   3   Libro Préstamo 5 días Compra Librería Patena F. 770 / R. (20/09/1994) 92.00 C/e 620.04 K75 1973
    Dewey Decimal Classification     General Ingenieria Agroindustrial Ingenieria Agroindustrial   20/09/1994     dia_003906 18/01/2022   4   Libro Préstamo 5 días Compra Librería Patena F. 770 / R. (20/09/1994) 92.00 C/e 620.04 K75 1973
    Dewey Decimal Classification     General Ingenieria Agroindustrial Ingenieria Agroindustrial   20/09/1994     dia_003903 18/01/2022   5   Libro Préstamo 5 días Compra Librería Patena F. 770 / R. (20/09/1994) 92.00 C/e 620.04 K75 1973
    Dewey Decimal Classification     General Ingenieria Agroindustrial Ingenieria Agroindustrial   18/01/2022 1   dia_006008 18/01/2022   6 18/01/2022 Libro          
    Dewey Decimal Classification     General Ingenieria Agroindustrial Ingenieria Agroindustrial   18/01/2022 1   dia_006010 18/01/2022   7 18/01/2022 Libro          
    Dewey Decimal Classification     General Ingenieria Agroindustrial Ingenieria Agroindustrial   18/01/2022 1   dia_006011 18/01/2022   8 18/01/2022 Libro          
    Dewey Decimal Classification     General Ingenieria Agroindustrial Ingenieria Agroindustrial   18/01/2022 1   dia_006012 18/01/2022   9 18/01/2022 Libro